Newsletter (Record no. 118939)
[ view plain ]
| 000 -LEADER | |
|---|---|
| fixed length control field | 00621cas a22002175a 4500 |
| 001 - CONTROL NUMBER | |
| control field | L138068 |
| 008 - FIXED-LENGTH DATA ELEMENTS--GENERAL INFORMATION | |
| fixed length control field | 070515c xxkur p 0 a0eng u |
| 035 ## - SYSTEM CONTROL NUMBER | |
| System control number | (Sirsi) u138068 |
| 041 0# - LANGUAGE CODE | |
| Language code of text/sound track or separate title | eng |
| 110 2# - MAIN ENTRY--CORPORATE NAME | |
| Corporate name or jurisdiction name as entry element | Royal Institution of Chartered Surveyors |
| Subordinate unit | Berkshire, Buckinghamshire and Oxfordshire Branch |
| 9 (RLIN) | 5189 |
| 245 00 - TITLE STATEMENT | |
| Title | Newsletter |
| 260 ## - PUBLICATION, DISTRIBUTION, ETC. | |
| Place of publication, distribution, etc. | Southampton |
| Name of publisher, distributor, etc. | RICS |
| Date of publication, distribution, etc. | [198?]- |
| 362 0# - DATES OF PUBLICATION AND/OR SEQUENTIAL DESIGNATION | |
| Dates of publication and/or sequential designation | November 1989-June 1990 |
| 554 ## - | |
| -- | Unknown |
| 651 #4 - SUBJECT ADDED ENTRY--GEOGRAPHIC NAME | |
| Geographic name | BERKSHIRE |
| 651 #4 - SUBJECT ADDED ENTRY--GEOGRAPHIC NAME | |
| Geographic name | BUCKINGHAMSHIRE |
| 651 #4 - SUBJECT ADDED ENTRY--GEOGRAPHIC NAME | |
| Geographic name | OXFORDSHIRE |
| 690 ## - LOCAL SUBJECT ADDED ENTRY--TOPICAL TERM (OCLC, RLIN) | |
| Topical term or geographic name as entry element | MANAGEMENT-BUSINESS MANAGEMENT-PROFESSIONAL PRACTICE |
| 785 00 - SUCCEEDING ENTRY | |
| Title | Datum |
| 942 ## - ADDED ENTRY ELEMENTS (KOHA) | |
| Suppress in OPAC | 0 |
| Withdrawn status | Lost status | Source of classification or shelving scheme | Damaged status | Not for loan | Home library | Current library | Shelving location | Date acquired | Total Checkouts | Full call number | Barcode | Date last seen | Price effective from | Koha item type |
|---|---|---|---|---|---|---|---|---|---|---|---|---|---|---|
| Dewey Decimal Classification | London | London | Basement | 15/05/2007 | BB&O NEWSLETTER | 138068-1001 | 06/08/2019 | 06/08/2019 | Journal |